|
|
|
|
| LEADER |
01035cam a2200253 7i4500 |
| 001 |
0000074680 |
| 005 |
20230215090000.0 |
| 020 |
|
|
|a 9780429030314 (electronic book)
|
| 090 |
0 |
0 |
|a P40.5.L54
|b L43 2021
|
| 245 |
0 |
0 |
|a Language variation and language change across the lifespan :
|b theoretical and empirical perspectives from panel studies
|c edited by Karen V. Beaman and Isabelle Buchstaller.
|
| 264 |
|
|
|a New York:
|b Routlege,
|c 2021.
|
| 300 |
|
|
|a 1 online resource (xxiv, 286 pages):
|b text file, PDF.
|
| 336 |
|
|
|a text
|2 rdacontent
|
| 337 |
|
|
|a computer
|2 rdamedia
|
| 338 |
|
|
|a online resource
|2 rdacarrier
|
| 650 |
|
0 |
|a Language and languages --
|x Variation
|
| 650 |
|
0 |
|a Linguistic change
|
| 655 |
|
0 |
|a Electronic books
|
| 700 |
1 |
|
|a Beaman, Karen V.
|
| 700 |
1 |
|
|a Buchstaller, Isabelle
|
| 856 |
4 |
2 |
|u http://library.unisel.edu.my/web/guest/mylibrary
|
| 997 |
|
|
|a Education & Social Sciences, Faculty
|b Language Education, Department
|
| 998 |
|
|
|a Education (TESL), Degree
|
| 999 |
|
|
|a EBO0017905
|b EBOOK
|c EBOOK
|e Electronic resources
|